[Event "World Rapid 2017"]
[Site "Riyadh KSA"]
[Date "2017.12.26"]
[Round "4.21"]
[White "Amonatov, Farrukh"]
[Black "Almasi, Zoltan"]
[Result "1/2-1/2"]
[WhiteTitle "GM"]
[BlackTitle "GM"]
[WhiteElo "2636"]
[BlackElo "2682"]
[WhiteFideId "14700077"]
[BlackFideId "702293"]
[EventDate "2017.12.26"]

1. e4 e5 2. Nf3 Nc6 3. Nc3 Nf6 4. g3 Bc5 5. Bg2 d6 6. O-O Bg4 7. h3 Bh5 8. d3 a6
9. Be3 Nd7 10. Qd2 Bxf3 11. Bxf3 h5 12. Nd5 h4 13. Bg4 Nf6 14. Nxf6+ gxf6 15. c3
Bxe3 16. fxe3 hxg3 17. Rf3 Ke7 18. Raf1 Rh6 19. d4 Qh8 20. Rxg3 Rg8 21. Qf2 Nd8
22. d5 Rxg4 23. Rxg4 Rxh3 24. Qg2 Rxe3 25. Rg3 Qh6 26. b4 b5 27. Rxf6 Qxf6 28.
Rxe3 Qh6 29. Rf3 f6 30. Qh3 Qc1+ 31. Rf1 Qg5+ 32. Kh1 Qg6 33. Qf5 Qh6+ 34. Kg2
Qd2+ 35. Rf2 Qh6 36. Qg4 Qh7 37. Kf1 c6 38. Qf5 Qh4 39. Kg2 cxd5 40. exd5 Qh6
41. Qg4 Qh7 42. a4 Qf7 43. Qe4 Qg7+ 44. Kf1 Qg5 45. a5 Qc1+ 46. Kg2 Qg5+ 47. Kf1
Qc1+ 48. Kg2 Qg5+ 49. Kh3 Qh6+ 50. Qh4 Qg6 51. Kh2 Nf7 52. c4 Ng5 53. cxb5 axb5
54. Qh8 Nh7 55. Qc8 Ng5 56. Qc7+ Ke8 57. Qc8+ Ke7 58. a6 Qh7+ 59. Kg1 Qb1+ 60.
Rf1 Qe4 61. Qc7+ Ke8 62. a7 Qe3+ 63. Kg2 Qe2+ 64. Rf2 1/2-1/2

[Event "World Rapid 2017"]
[Site "Riyadh KSA"]
[Date "2017.12.26"]
[Round "4.22"]
[White "Kuzubov, Yuriy"]
[Black "Meier, Georg"]
[Result "1-0"]
[WhiteTitle "GM"]
[BlackTitle "GM"]
[WhiteElo "2699"]
[BlackElo "2650"]
[WhiteFideId "14112906"]
[BlackFideId "4675789"]
[EventDate "2017.12.26"]

1. Nf3 d5 2. g3 Bg4 3. Bg2 e6 4. d3 Nf6 5. Nbd2 Be7 6. O-O O-O 7. h3 Bh5 8. e4
c5 9. c3 Nc6 10. Qe2 Qc7 11. Re1 Rfd8 12. e5 Nd7 13. g4 Bg6 14. Nf1 b5 15. Bf4
c4 16. d4 b4 17. h4 Rdb8 18. Ng3 bxc3 19. bxc3 Bd3 20. Qe3 Rb2 21. Rec1 Rab8 22.
Ne1 Bb1 23. Bxd5 exd5 24. e6 Bd6 25. exd7 Qxd7 26. Bxd6 Qxd6 27. Ng2 h6 28. g5
hxg5 29. Qxg5 Ne7 30. Re1 Kf8 31. Nf4 Qf6 32. Qxf6 gxf6 33. Ngh5 Bxa2 34. Nxf6
R8b7 35. h5 Rb1 36. Kg2 Rxe1 37. Rxe1 Kg7 38. Ne8+ Kf8 39. h6 Bb1 40. Rxb1 Rxb1
41. h7 1-0

[Event "World Rapid 2017"]
[Site "Riyadh KSA"]
[Date "2017.12.26"]
[Round "4.23"]
[White "Adhiban, Baskaran"]
[Black "Mamedov, Rauf"]
[Result "0-1"]
[WhiteTitle "GM"]
[BlackTitle "GM"]
[WhiteElo "2655"]
[BlackElo "2709"]
[WhiteFideId "5018471"]
[BlackFideId "13401653"]
[EventDate "2017.12.26"]

1. e4 c5 2. c3 d6 3. d4 Nf6 4. dxc5 Nc6 5. f3 d5 6. Bb5 e6 7. b4 Bd7 8. exd5
Nxd5 9. Ne2 a5 10. c4 Ndxb4 11. Nbc3 Ne5 12. O-O Bxc5+ 13. Kh1 Nbd3 14. Ne4 Bxb5
15. cxb5 Be7 16. Nf4 Nxc1 17. Qxc1 O-O 18. Rd1 Qb6 19. Qc3 Ng6 20. Nh5 e5 21. a4
Rad8 22. h3 Rd4 23. Qc2 Rfd8 24. Neg3 Nh4 25. Ne4 Nf5 26. Rxd4 Nxd4 27. Qc4 g6
28. Nhg3 Ne6 29. Rc1 Qe3 30. Nf1 Qa3 31. Kh2 Kg7 32. Rc3 Qb4 33. Ne3 Qxc4 34.
Rxc4 f5 35. Nc3 Bc5 36. Ned5 b6 37. g4 Nd4 38. Kg2 Nc2 39. gxf5 gxf5 40. Kf1 Nd4
41. Nc7 Kf7 42. Na6 Ne6 43. Nxc5 Nxc5 44. Ke2 h5 45. Nd1 Rd4 46. Nb2 Ke6 47. Rc1
Rh4 48. Rg1 Rxh3 49. Nc4 Rh2+ 50. Ke3 f4# 0-1

[Event "World Rapid 2017"]
[Site "Riyadh KSA"]
[Date "2017.12.26"]
[Round "4.24"]
[White "Artemiev, Vladislav"]
[Black "Quparadze, Giga"]
[Result "0-1"]
[WhiteTitle "GM"]
[BlackTitle "GM"]
[WhiteElo "2691"]
[BlackElo "2506"]
[WhiteFideId "24101605"]
[BlackFideId "13602250"]
[EventDate "2017.12.26"]

1. Nf3 Nf6 2. c4 e6 3. g3 d5 4. Bg2 dxc4 5. Qa4+ Bd7 6. Qxc4 c5 7. Ne5 Qc8 8. d3
Nc6 9. Nxd7 Qxd7 10. Nd2 Rc8 11. Nf3 Be7 12. O-O O-O 13. Bd2 Nd5 14. Rfc1 Rfd8
15. Be1 b6 16. a3 h6 17. Rab1 Bf6 18. Qa6 Nb8 19. Qc4 Nc6 20. Qa4 a5 21. Rc2 Qb7
22. Qb5 Nc7 23. Qa4 Nd5 24. Qb5 Nc7 25. Qb3 Qa6 26. Bf1 a4 27. Qc4 Qa7 28. e3
Ne8 29. Rbc1 Ne7 30. Qg4 g6 31. Nd2 Bg7 32. Nb1 Nf6 33. Qf3 Nfd5 34. Nc3 Qd7 35.
Qg4 Ra8 36. Nxd5 Nxd5 37. Qc4 Ra7 38. Qa2 h5 39. Bc3 h4 40. Bxg7 Kxg7 41. Qc4
hxg3 42. hxg3 Nf6 43. Rd1 e5 44. Bg2 Qf5 45. Rcd2 Qh5 46. Qb5 Rd6 47. Qc4 Rd8
48. Qb5 Rd6 49. Qc4 Nh7 50. d4 exd4 51. exd4 cxd4 52. Qb4 Rad7 53. Qxa4 Nf6 54.
Re1 Ng4 55. Rd3 Qh2+ 56. Kf1 Rf6 57. Re2 Rc7 58. Qxd4 Rc1+ 59. Re1 Rc4 60. Qxf6+
Nxf6 61. Rb3 Rc2 62. Rb4 Qh6 63. Bf3 Qd2 64. Re2 Qd1+ 0-1

[Event "World Rapid 2017"]
[Site "Riyadh KSA"]
[Date "2017.12.26"]
[Round "4.25"]
[White "Bu, Xiangzhi"]
[Black "Savchenko, Boris"]
[Result "1-0"]
[WhiteTitle "GM"]
[BlackTitle "GM"]
[WhiteElo "2730"]
[BlackElo "2566"]
[WhiteFideId "8601445"]
[BlackFideId "4147332"]
[EventDate "2017.12.26"]

1. Nf3 Nf6 2. c4 g6 3. Nc3 Bg7 4. e4 c5 5. d4 cxd4 6. Nxd4 Nc6 7. Be3 d6 8. Be2
O-O 9. O-O Bd7 10. Qd2 Nxd4 11. Bxd4 Bc6 12. f3 a5 13. b3 Nd7 14. Be3 Nc5 15.
Rab1 Qb6 16. Rfc1 Rfc8 17. Bf1 Qb4 18. Qb2 Qb6 19. Kh1 h5 20. a3 Qd8 21. Rd1 b6
22. Qd2 Kh7 23. Ne2 Ne6 24. Nc3 Nc5 25. Nd5 e6 26. Nf4 Qe8 27. Ne2 Rd8 28. Nd4
Bd7 29. b4 Ba4 30. Re1 axb4 31. axb4 Nd7 32. Rec1 Ne5 33. b5 d5 34. exd5 exd5
35. c5 bxc5 36. Rxc5 Nc4 37. Bxc4 dxc4 38. Qf2 Bb3 39. Qg1 Ba2 40. Re1 Qd7 41.
Nc6 Rdc8 42. Rd1 Qe8 43. Bd4 Bb3 44. Rc1 Bf8 45. Re5 Qd7 46. Qe3 Bh6 47. Qe4 Re8
48. Re1 Rxe5 49. Qxe5 Ba4 50. h3 Rg8 51. Qc5 Re8 52. Ra1 Bb3 53. Ne5 Qf5 54. Ra7
Kg8 55. b6 Bf4 56. b7 c3 57. Ra8 c2 58. Rxe8+ Kh7 59. b8=Q Bd5 60. Rh8+ Kg7 61.
Qbf8+ 1-0

[Event "World Rapid 2017"]
[Site "Riyadh KSA"]
[Date "2017.12.26"]
[Round "4.26"]
[White "Bortnyk, Olexandr"]
[Black "Dzhumagaliev, Yan"]
[Result "1-0"]
[WhiteTitle "GM"]
[BlackTitle "FM"]
[WhiteElo "2610"]
[BlackElo "2400"]
[WhiteFideId "14120828"]
[BlackFideId "24100110"]
[EventDate "2017.12.26"]

1. e4 c5 2. Nf3 e6 3. Nc3 Nc6 4. g3 e5 5. d3 d6 6. Bg2 Be7 7. Be3 Nf6 8. h3 h6
9. Nd2 a6 10. a4 Rb8 11. f4 b5 12. axb5 axb5 13. O-O Be6 14. Nd5 Bxd5 15. exd5
Nb4 16. fxe5 dxe5 17. c4 Nxd3 18. b3 Qb6 19. cxb5 Qxb5 20. d6 Bd8 21. Nc4 Qxb3
22. Bc6+ 1-0

[Event "World Rapid 2017"]
[Site "Riyadh KSA"]
[Date "2017.12.26"]
[Round "4.27"]
[White "Kovalev, Vladislav"]
[Black "Alekseev, Evgeny"]
[Result "0-1"]
[WhiteTitle "GM"]
[BlackTitle "GM"]
[WhiteElo "2639"]
[BlackElo "2616"]
[WhiteFideId "13504398"]
[BlackFideId "4138147"]
[EventDate "2017.12.26"]

1. d4 Nf6 2. Bf4 d5 3. e3 c5 4. c3 Nc6 5. Nd2 Bf5 6. Qb3 Qc8 7. dxc5 e5 8. Bg5
Nd7 9. Qxd5 Nxc5 10. Nb3 Be4 11. Qc4 Nxb3 12. axb3 Qf5 13. Bh4 Be7 14. Bxe7 Nxe7
15. Ne2 Bd5 16. Qa4+ Bc6 17. Ng3 Qd7 18. Qa5 Rd8 19. c4 O-O 20. Be2 Bxg2 21. Rg1
Nc6 22. Qc3 Qh3 23. Bd3 Bf3 24. Nf5 g6 25. Rg3 Qxh2 26. Bf1 Qh5 27. Bh3 Be4 28.
b4 Bxf5 29. Bg2 a6 30. b5 axb5 31. cxb5 Nb8 32. Qxe5 Nd7 33. Qc3 b6 34. b4 Be6
35. Bc6 Ne5 36. Kf1 Nxc6 37. bxc6 Rd1+ 38. Rxd1 Qxd1+ 39. Kg2 Qd5+ 40. e4 Qxe4+
41. Kg1 Bd5 42. f3 Qb1+ 43. Kh2 Rc8 44. c7 Qa2+ 45. Rg2 Qc4 46. Qe5 Qxc7 0-1

[Event "World Rapid 2017"]
[Site "Riyadh KSA"]
[Date "2017.12.26"]
[Round "4.28"]
[White "Onischuk, Vladimir"]
[Black "Esipenko, Andrey"]
[Result "1-0"]
[WhiteTitle "GM"]
[BlackTitle "FM"]
[WhiteElo "2637"]
[BlackElo "2564"]
[WhiteFideId "14114038"]
[BlackFideId "24175439"]
[EventDate "2017.12.26"]

1. e4 c6 2. d4 d5 3. Nc3 dxe4 4. Nxe4 Bf5 5. Ng3 Bg6 6. c3 e6 7. Nh3 Bd6 8. Nf4
Nf6 9. h4 Bxf4 10. Bxf4 h6 11. h5 Bh7 12. Qb3 Qe7 13. Be2 O-O 14. O-O a5 15. c4
a4 16. Qc3 Nbd7 17. Bf3 Rfc8 18. Rfe1 Qd8 19. Nf1 Bf5 20. Qb4 Ra7 21. Ne3 Be4
22. Be2 Qa5 23. Qxa5 Rxa5 24. c5 b5 25. Bd6 Nd5 26. Ng4 Bf5 27. Nh2 Nb4 28. Red1
Nd5 29. f3 a3 30. b3 Nc3 31. Rd2 Nf6 32. g4 Bh7 33. Kf2 Nfd5 34. Nf1 Nb4 35. Ne3
Bb1 36. Nd1 Nbd5 37. Nxc3 Nxc3 38. Ke3 Bh7 39. Bd3 Nd5+ 40. Ke2 Ra7 41. f4 Nc3+
42. Kf3 Rd7 43. Bxh7+ Kxh7 44. Rg1 f6 45. Rc2 b4 46. Re1 Re8 47. f5 e5 48. dxe5
fxe5 49. Rxe5 Rxe5 50. Bxe5 Rd3+ 51. Kf2 Nd5 52. Re2 Kg8 53. Bg3 Kf7 54. Bd6 Rd1
55. Kf3 Rd3+ 56. Ke4 Rc3 57. Be5 Rxc5 58. Kd4 Rc1 59. Bd6 Rb1 60. Rc2 Rd1+ 61.
Kc5 Ne3 62. Re2 Nxg4 63. Kxc6 Rd4 64. Kc5 Rd1 65. Bb8 Rd8 66. Bg3 Nf6 67. Kxb4
Nxh5 68. Bh2 Nf6 69. Kxa3 Rd5 70. Kb4 Rxf5 71. a4 Nd5+ 72. Ka3 g5 73. Rd2 h5 74.
a5 Nc3 75. Kb4 Nd5+ 76. Ka3 Nc3 77. a6 Ne4 78. Kb4 Ke6 79. a7 Rf8 80. Re2 Kd5
81. Rxe4 Kxe4 82. Bb8 Kd5 1-0

[Event "World Rapid 2017"]
[Site "Riyadh KSA"]
[Date "2017.12.26"]
[Round "4.29"]
[White "Georgiev, Kiril"]
[Black "Korobov, Anton"]
[Result "0-1"]
[WhiteTitle "GM"]
[BlackTitle "GM"]
[WhiteElo "2623"]
[BlackElo "2652"]
[WhiteFideId "2900017"]
[BlackFideId "14105730"]
[EventDate "2017.12.26"]

1. d4 Nf6 2. Nf3 e6 3. c4 b6 4. g3 Bb7 5. Bg2 Be7 6. O-O O-O 7. Nc3 Ne4 8. Bd2
d5 9. cxd5 exd5 10. Rc1 Nd7 11. Bf4 Nxc3 12. Rxc3 c5 13. Ne5 Nf6 14. dxc5 bxc5
15. Qa4 Qc8 16. Rc2 Qe6 17. Nf3 h6 18. Rfc1 Rfe8 19. h4 a5 20. Qb3 Qa6 21. Qd3
Qb6 22. Qb3 Qa7 23. e3 a4 24. Qd3 Ne4 25. Be5 Bf8 26. Bc3 Rad8 27. Be1 Qb6 28.
Qd1 d4 29. exd4 cxd4 30. Qd3 Nc5 31. Qd2 d3 32. Rc4 Re2 33. Qa5 Rxe1+ 34. Qxe1
Bxf3 35. Qd2 Bxg2 36. Kxg2 Re8 37. Qf4 Re2 38. b4 axb3 39. axb3 d2 40. Rd1 Nd3 0-1

[Event "World Rapid 2017"]
[Site "Riyadh KSA"]
[Date "2017.12.26"]
[Round "4.30"]
[White "Laznicka, Viktor"]
[Black "Kryvoruchko, Yuriy"]
[Result "1/2-1/2"]
[WhiteTitle "GM"]
[BlackTitle "GM"]
[WhiteElo "2647"]
[BlackElo "2689"]
[WhiteFideId "316385"]
[BlackFideId "14109182"]
[EventDate "2017.12.26"]

1. c4 Nf6 2. Nc3 e5 3. e3 Bb4 4. Nge2 O-O 5. a3 Bxc3 6. Nxc3 d5 7. cxd5 Nxd5 8.
Qb3 Nxc3 9. bxc3 c5 10. Be2 Nc6 11. c4 b6 12. Bf3 Bb7 13. Qc3 Re8 14. Bd5 Na5
15. e4 Qd7 16. O-O Nc6 17. d3 Nd4 18. Ra2 Rac8 19. f4 Bxd5 20. cxd5 f6 21. Raf2
b5 22. fxe5 fxe5 23. Be3 Qd6 24. h3 a6 25. Kh1 Rf8 26. Qe1 Rxf2 27. Rxf2 b4 28.
Qc1 Rb8 29. axb4 cxb4 30. Bxd4 exd4 31. Qc4 b3 32. e5 Qxe5 33. d6+ Kh8 34. Qc7
Rg8 35. Qe7 Qe3 36. Qxe3 dxe3 37. Rb2 h6 38. Rxb3 Rd8 39. Kg1 Rxd6 40. Kf1 Rf6+
41. Ke2 Rf2+ 42. Kxe3 Rxg2 43. Kf3 Rd2 44. Ra3 Kh7 45. h4 Kg6 46. Kg4 h5+ 47.
Kg3 Kf7 48. Rxa6 Rxd3+ 49. Kg2 g6 50. Rb6 Re3 51. Ra6 Re6 52. Ra8 Kf6 53. Kf3
Rb6 54. Rf8+ Ke5 55. Re8+ Re6 56. Ra8 Rf6+ 57. Kg3 Rb6 58. Re8+ Kf6 59. Rf8+ Ke7
60. Ra8 Rb4 61. Ra6 Rg4+ 62. Kh3 Kf7 63. Rb6 Re4 64. Kg3 Re6 65. Rb8 Re3+ 66.
Kg2 Kf6 67. Rf8+ Ke5 68. Rf7 Ra3 69. Rf8 Ke6 70. Rf1 Ra4 71. Kg3 Rg4+ 72. Kh3
Re4 73. Rf8 Ke7 74. Rf1 Kd6 75. Rf8 Ke5 76. Kg3 Rg4+ 77. Kh3 Ke4 78. Rf6 Ke3 79.
Re6+ Kf2 80. Rf6+ Ke3 1/2-1/2

[Event "World Rapid 2017"]
[Site "Riyadh KSA"]
[Date "2017.12.26"]
[Round "4.31"]
[White "Eljanov, Pavel"]
[Black "Sjugirov, Sanan"]
[Result "1/2-1/2"]
[WhiteTitle "GM"]
[BlackTitle "GM"]
[WhiteElo "2711"]
[BlackElo "2650"]
[WhiteFideId "14102951"]
[BlackFideId "4189302"]
[EventDate "2017.12.26"]

1. Nf3 d5 2. g3 Bg4 3. Bg2 Nd7 4. h3 Bxf3 5. exf3 e6 6. O-O Bd6 7. f4 Ne7 8. d3
O-O 9. Nd2 c5 10. Nf3 Rc8 11. Re1 Nc6 12. c4 a6 13. b3 b5 14. h4 h6 15. Bd2 Re8
16. Qc2 Qc7 17. Bc3 Rb8 18. Re2 bxc4 19. dxc4 d4 20. Bd2 a5 21. Ne1 Nb4 22. Bxb4
axb4 23. Nd3 Red8 24. a4 bxa3 25. Rxa3 Rb6 26. Qa2 Rdb8 27. Rb2 Qd8 28. Ra7 Rc8
29. Qa4 Rc7 30. Ra5 Rb8 31. Ra2 e5 32. fxe5 Nxe5 33. Nxe5 Bxe5 34. Ra8 Rcc8 35.
Rxb8 Rxb8 36. Bd5 Qf6 37. Kg2 d3 38. Rd2 Bd4 39. Qa2 Qf5 40. Qb1 Re8 41. Qxd3
Qxd3 42. Rxd3 Bf6 43. Rd2 g5 44. h5 Kg7 45. Kf3 Re7 46. Ra2 Bd4 47. g4 Bc3 48.
Ra6 Bb4 49. Rc6 Ba3 50. Be4 Rb7 51. Bc2 Re7 52. Rb6 Bb4 53. Be4 Bc3 54. Rb5 Bd4
55. Bd5 Kf8 56. Rb6 Kg7 57. b4 cxb4 58. Rxb4 Rd7 59. Rb5 Rc7 60. Ra5 Bb6 61. Ra2
Re7 62. Ra6 Bd4 63. Rc6 Ra7 64. Ke2 Ra2+ 65. Kd3 Bxf2 66. c5 Ra7 67. Kc4 Ra4+
68. Kb5 Rxg4 69. Rc7 Rf4 70. c6 Bg3 71. Rd7 Rf5 72. Kc4 g4 73. c7 Bxc7 74. Rxc7
Rxh5 75. Bxf7 Ra5 76. Kd3 Kf6 77. Ke3 h5 78. Kf4 Rf5+ 79. Kg3 Kg5 80. Be6 Re5
81. Bxg4 hxg4 82. Rg7+ 1/2-1/2

[Event "World Rapid 2017"]
[Site "Riyadh KSA"]
[Date "2017.12.26"]
[Round "4.32"]
[White "Riazantsev, Alexander"]
[Black "Socko, Bartosz"]
[Result "1-0"]
[WhiteTitle "GM"]
[BlackTitle "GM"]
[WhiteElo "2650"]
[BlackElo "2593"]
[WhiteFideId "4125029"]
[BlackFideId "1107038"]
[EventDate "2017.12.26"]

1. d4 Nf6 2. c4 e6 3. Nf3 b6 4. a3 Bb7 5. Nc3 d5 6. Bg5 Be7 7. e3 O-O 8. Qc2
Nbd7 9. cxd5 exd5 10. Bd3 Re8 11. O-O c5 12. Rad1 c4 13. Bf5 g6 14. Bh3 Nh5 15.
Bh6 Ndf6 16. Ne5 Bc8 17. g4 Bd6 18. f4 Bxe5 19. dxe5 Nxg4 20. Bxg4 Bxg4 21. Rxd5
Qh4 22. Qf2 Qh3 23. Ne4 Bf5 24. Nd6 Red8 25. Rd4 Bd3 26. Re1 f6 27. f5 g5 28.
exf6 Nxf6 29. Bxg5 Rxd6 30. Rxd6 Ne4 31. Qf4 Nxd6 32. Qxd6 Qxf5 33. Qg3 Kh8 34.
e4 Bxe4 35. Rxe4 Rf8 36. Bf4 Qc5+ 37. Be3 1-0

[Event "World Rapid 2017"]
[Site "Riyadh KSA"]
[Date "2017.12.26"]
[Round "4.33"]
[White "Halkias, Stelios"]
[Black "Zhigalko, Sergei"]
[Result "0-1"]
[WhiteTitle "GM"]
[BlackTitle "GM"]
[WhiteElo "2571"]
[BlackElo "2641"]
[WhiteFideId "4201809"]
[BlackFideId "13502956"]
[EventDate "2017.12.26"]

1. c4 e5 2. Nc3 Nf6 3. Nf3 Nc6 4. a3 g6 5. d3 Bg7 6. g3 d6 7. Bg2 O-O 8. Bg5 h6
9. Bxf6 Bxf6 10. O-O Ne7 11. Nd2 c6 12. Rb1 Be6 13. b4 d5 14. Qc2 h5 15. b5 h4
16. bxc6 bxc6 17. Rb7 Nf5 18. Qa4 hxg3 19. hxg3 e4 20. cxd5 cxd5 21. dxe4 Nxg3
22. exd5 Bxc3 23. dxe6 Nxe2+ 24. Kh1 Qxd2 25. Qh4 Bf6 26. Qh3 Kg7 27. Rxf7+ Rxf7
28. exf7 Nf4 29. Qh2 Rf8 30. Be4 Rxf7 31. Rb1 Bd4 32. Qg3 Qxf2 33. Qg4 Qe2 34.
Bf3 Qe8 35. Kh2 Qe6 36. Qxe6 Nxe6 37. Bd5 Rf2+ 38. Kg3 Nf4 39. Bc4 Ne2+ 40. Kg4
Rf4+ 41. Kh3 Nc3 42. Rb7+ Kh6 0-1

[Event "World Rapid 2017"]
[Site "Riyadh KSA"]
[Date "2017.12.26"]
[Round "4.34"]
[White "Bacrot, Etienne"]
[Black "Naiditsch, Arkadij"]
[Result "1-0"]
[WhiteTitle "GM"]
[BlackTitle "GM"]
[WhiteElo "2725"]
[BlackElo "2705"]
[WhiteFideId "605506"]
[BlackFideId "4650891"]
[EventDate "2017.12.26"]

1. e4 c5 2. Nf3 Nc6 3. Nc3 Nf6 4. Bb5 Qc7 5. O-O Nd4 6. Re1 a6 7. Bc4 e6 8. e5
Ng8 9. d3 b5 10. Bb3 Nxb3 11. axb3 Bb7 12. Bf4 f5 13. d4 Ne7 14. dxc5 Ng6 15.
Be3 Bxc5 16. Bxc5 Qxc5 17. Qd4 Rc8 18. b4 Qxd4 19. Nxd4 Rc4 20. Nb3 Rxb4 21. Nc5
Bc6 22. Rxa6 Ke7 23. Nd3 Rg4 24. g3 Rc8 25. f4 h5 26. Ne2 Nh8 27. Nd4 Bd5 28.
Nf2 Rg6 29. Rd1 b4 30. Ra5 Rf8 31. Nd3 h4 32. Rxd5 exd5 33. Nxb4 hxg3 34. Nxd5+
Kf7 35. hxg3 Rxg3+ 36. Kf2 Rh3 37. Nxf5 Ng6 38. Nde3 Nxf4 39. Rxd7+ Ke8 40. e6
Nxe6 41. Re7+ Kd8 42. Rxe6 Kd7 43. Re7+ Kc6 44. Rxg7 Rd8 45. Ke2 Rh2+ 46. Rg2
Rh1 47. c3 Kb5 48. Nd4+ Ka4 49. Kd3 1-0

[Event "World Rapid 2017"]
[Site "Riyadh KSA"]
[Date "2017.12.26"]
[Round "4.35"]
[White "Malakhov, Vladimir"]
[Black "Mchedlishvili, Mikheil"]
[Result "1/2-1/2"]
[WhiteTitle "GM"]
[BlackTitle "GM"]
[WhiteElo "2686"]
[BlackElo "2603"]
[WhiteFideId "4120787"]
[BlackFideId "13600966"]
[EventDate "2017.12.26"]

1. e4 c5 2. Nf3 e6 3. g3 Nc6 4. Bg2 Nf6 5. d3 d6 6. O-O Be7 7. Re1 O-O 8. c3 Bd7
9. d4 cxd4 10. cxd4 d5 11. e5 Ne4 12. Nbd2 Nxd2 13. Bxd2 Rc8 14. h4 b5 15. Bg5
b4 16. Qd3 h6 17. Bxe7 Nxe7 18. Rec1 Qb6 19. Qd2 a5 20. g4 a4 21. b3 axb3 22.
axb3 Rxc1+ 23. Rxc1 Rc8 24. Rxc8+ Bxc8 25. h5 Ba6 26. g5 hxg5 27. Qxg5 Nf5 28.
Bh3 Nh6 29. Qe7 Bb5 30. Qxb4 Qc6 31. Qc5 Qe8 32. Qc2 Qd8 33. Qd2 Qa8 34. Kh2 Qa6
35. Qb4 Qc6 36. Bf1 Qc1 37. Qxb5 Qf4+ 38. Kg1 Qxf3 39. Be2 Qe4 40. Bd3 Qg4+ 41.
Kf1 Qd1+ 42. Kg2 Qg4+ 43. Kf1 Qd1+ 1/2-1/2

[Event "World Rapid 2017"]
[Site "Riyadh KSA"]
[Date "2017.12.26"]
[Round "4.36"]
[White "Saric, Ivan"]
[Black "Melkumyan, Hrant"]
[Result "1-0"]
[WhiteTitle "GM"]
[BlackTitle "GM"]
[WhiteElo "2669"]
[BlackElo "2633"]
[WhiteFideId "14508150"]
[BlackFideId "13302485"]
[EventDate "2017.12.26"]

1. e4 e5 2. Nf3 Nf6 3. Nc3 Nc6 4. Bb5 Bc5 5. d3 O-O 6. Bxc6 dxc6 7. Be3 Bd6 8.
h3 Nd7 9. Ne2 Re8 10. Ng3 Bb4+ 11. c3 Bf8 12. Qc2 a5 13. d4 c5 14. dxe5 Nxe5 15.
Nxe5 Rxe5 16. f4 Re8 17. O-O Qh4 18. Rf3 b6 19. e5 Qe7 20. Ne4 f5 21. Nf2 Qf7
22. a3 Bb7 23. Rg3 h6 24. Re1 c4 25. Bd4 Re6 26. Nd1 Rd8 27. Qe2 Be7 28. Bf2 Ba6
29. Ne3 Rd3 30. Nc2 c5 31. Ne3 Bf8 32. Nxc4 Rxg3 33. Bxg3 Qg6 34. Kh2 a4 35. Qd3
Bb5 36. Qd5 Kh7 37. Ne3 Bc6 38. Qd3 Be4 39. Qd7 Bc6 40. Qd3 Be4 41. Qc4 Bc6 42.
Qd3 Be4 43. Qd7 Be7 44. Qxa4 h5 45. h4 Rc6 46. c4 Qf7 47. Nd5 Rg6 48. Rxe4 fxe4
49. Qc2 Rxg3 50. Kxg3 Qg6+ 51. Kh2 Bxh4 52. Kg1 Kh6 53. Nc3 Bg3 54. Qxe4 Qxe4
55. Nxe4 Bxf4 56. e6 Kg6 57. Kf2 Bc1 58. b4 Bxa3 59. b5 Bb2 60. Kf3 Be5 61. g4
h4 62. Kg2 Bc7 63. Kh3 Bd8 64. Kh2 Be7 65. Kg2 Bd8 66. Kf3 Be7 67. Kf4 Kh6 68.
Nc3 g5+ 69. Kf3 Kg6 70. Nd5 Bd6 71. Kg2 Kg7 72. Kh3 Kf8 73. Kg2 Ke8 74. Kf3 Kd8
75. Ke4 Ke8 76. Nxb6 Ke7 77. Kf5 h3 78. Nc8+ Kd8 79. Nxd6 h2 80. Kf6 h1=Q 81.
e7+ Kc7 82. e8=Q Qf1+ 83. Nf5 Qxc4 84. Qc6+ Kd8 85. Qb6+ Kd7 86. Qb7+ Kd8 87.
Qe7+ 1-0

[Event "World Rapid 2017"]
[Site "Riyadh KSA"]
[Date "2017.12.26"]
[Round "4.37"]
[White "Fedorchuk, Sergey A."]
[Black "Grigoriants, Sergey"]
[Result "1-0"]
[WhiteTitle "GM"]
[BlackTitle "GM"]
[WhiteElo "2648"]
[BlackElo "2561"]
[WhiteFideId "14102536"]
[BlackFideId "4130804"]
[EventDate "2017.12.26"]

1. e4 c5 2. Nf3 d6 3. d4 cxd4 4. Qxd4 a6 5. Be2 Nc6 6. Qe3 Nf6 7. O-O e5 8. h3
Be7 9. c4 O-O 10. Nc3 Be6 11. Rd1 Rc8 12. b3 Qa5 13. Bd2 Qa3 14. Qd3 Nd7 15. Nb1
Qc5 16. Be3 Qa5 17. Nc3 f5 18. exf5 Bxf5 19. Qd2 Nf6 20. Nd5 Nxd5 21. Qxa5 Nxa5
22. Rxd5 Nc6 23. Rd2 h6 24. Rad1 Kf7 25. Nh2 Rcd8 26. Bf3 e4 27. Bg4 Bxg4 28.
Nxg4 Ke6 29. Bb6 Rd7 30. Re2 h5 31. Nh2 d5 32. cxd5+ Rxd5 33. Rxe4+ Kd6 34. Bc7+ 1-0

[Event "World Rapid 2017"]
[Site "Riyadh KSA"]
[Date "2017.12.26"]
[Round "4.38"]
[White "Dobrov, Vladimir"]
[Black "Khismatullin, Denis"]
[Result "0-1"]
[WhiteTitle "GM"]
[BlackTitle "GM"]
[WhiteElo "2515"]
[BlackElo "2632"]
[WhiteFideId "4136594"]
[BlackFideId "4142578"]
[EventDate "2017.12.26"]

1. d4 Nf6 2. Nf3 d5 3. c4 e6 4. g3 dxc4 5. Bg2 Bb4+ 6. Nbd2 b5 7. a4 c6 8. O-O
Bb7 9. Ne1 a6 10. Nc2 Be7 11. e4 c5 12. e5 Nd5 13. Ne4 Nd7 14. Qg4 g6 15. Bg5
O-O 16. Qh4 Rb8 17. axb5 cxd4 18. bxa6 Ba8 19. Bxe7 Qxe7 20. Qxe7 Nxe7 21. Nxd4
Nxe5 22. f4 Ng4 23. h3 Ne3 24. Nf6+ Kg7 25. Bxa8 Rxa8 26. Rf3 Kxf6 27. Rxe3 Rfb8
28. Rc3 Rb4 29. Rc2 Nd5 30. a7 Ne3 31. Rc3 Nd5 32. Rc2 h5 33. Nc6 Rb3 34. Kh2 h4
35. gxh4 Ne3 36. Rd2 Nd5 37. Rc2 Ne3 38. Rd2 Rd3 39. Rxd3 cxd3 40. b4 Kf5 41. b5
Nc4 42. Kg3 Ke4 43. Ra4 Kd5 44. Kf3 d2 45. Ra1 Nb2 46. Ke2 d1=Q+ 47. Rxd1+ Nxd1
48. Kxd1 Kc5 49. Nd4 Rxa7 50. Nf3 Ra4 51. Ke2 Rxf4 0-1

[Event "World Rapid 2017"]
[Site "Riyadh KSA"]
[Date "2017.12.26"]
[Round "4.39"]
[White "Abdyjapar, Asyl"]
[Black "Harikrishna, Pentala"]
[Result "0-1"]
[WhiteTitle "IM"]
[BlackTitle "GM"]
[WhiteElo "2382"]
[BlackElo "2744"]
[WhiteFideId "13800337"]
[BlackFideId "5007003"]
[EventDate "2017.12.26"]

1. d4 Nf6 2. c4 e6 3. Nf3 b6 4. a3 Bb7 5. Nc3 Ne4 6. Qc2 Nxc3 7. Qxc3 Be7 8. e3
O-O 9. Be2 c5 10. O-O Bf6 11. b4 d5 12. bxc5 bxc5 13. Rb1 Ba6 14. Ne5 Nd7 15.
Nxd7 Qxd7 16. Qa5 Bxc4 17. Bxc4 dxc4 18. Qxc5 Rfc8 19. Qa5 c3 20. g3 h6 21. Rb3
Bd8 22. Qb5 Qxb5 23. Rxb5 Rab8 24. Rxb8 Rxb8 25. Kg2 Rb1 26. Kf3 Be7 27. Ke2 Ra1
28. a4 Rxa4 29. Kd3 Bb4 30. Kc4 a5 31. Kb3 Ra1 32. e4 Ba3 33. Kc2 a4 34. d5 exd5
35. exd5 Rxc1+ 36. Rxc1 Bxc1 37. Kxc1 a3 0-1

[Event "World Rapid 2017"]
[Site "Riyadh KSA"]
[Date "2017.12.26"]
[Round "4.40"]
[White "Duda, Jan-Krzysztof"]
[Black "Ibrahimov, Rasul"]
[Result "1-0"]
[WhiteTitle "GM"]
[BlackTitle "GM"]
[WhiteElo "2717"]
[BlackElo "2518"]
[WhiteFideId "1170546"]
[BlackFideId "13400495"]
[EventDate "2017.12.26"]

1. e4 c5 2. Nf3 d6 3. d4 cxd4 4. Nxd4 e6 5. Nc3 a6 6. g4 b5 7. a3 Bb7 8. Be3 Nd7
9. h4 Rc8 10. g5 Ne7 11. Qd2 e5 12. Ndxb5 axb5 13. Bxb5 Nf5 14. exf5 Bxh1 15. f4
Bc6 16. Bxc6 Rxc6 17. O-O-O Be7 18. Nd5 Qc8 19. Kb1 Bd8 20. Qg2 O-O 21. f6 exf4
22. fxg7 Re8 23. Bxf4 Nb6 24. h5 Nxd5 25. Qxd5 Rc5 26. Qxd6 Bxg5 27. Bxg5 Rxg5
28. h6 Rg6 29. Qf4 Qg4 30. Qxg4 Rxg4 31. b4 Rg6 32. Kb2 Rxh6 33. a4 f5 34. b5 f4
35. a5 f3 36. a6 f2 37. Rf1 Rf6 38. Kc3 Re3+ 39. Kb4 Rf7 40. b6 Re6 41. b7 Rb6+ 1-0